[Event "DVM U16w 2023"]
[Site "Magdeburg GER"]
[Date "2023.12.29"]
[Round "5"]
[White "Halas, Neele Zoe"]
[Black "Hergenröder, Cora"]
[Result "1/2-1/2"]
[Termination "normal"]
[Board "3.2"]
[WhiteElo "1391"]
[BlackElo "1500"]
[WhiteClock "00:07:44"]
[BlackClock "00:06:54"]
[WhiteTeam "SG Leipzig"]
[BlackTeam "ATSV Oberkotzau"]
[PlyCount "83"]
[WhiteFideId "16287282"]
[BlackFideId "34603700"]
[EventCountry "GER"]
[EventRounds "7"]
[EventType "team-swiss"]
[EventDate "2023.12.26"]

1. e4 {[%clk 01:30:59]} {[%emt 00:00:02]} c6 {[%clk 01:30:55]} {[%emt
00:00:06]} 2. d4 {[%clk 01:31:24]} {[%emt 00:00:04]} d5 {[%clk 01:31:20]}
{[%emt 00:00:05]} 3. Nc3 {[%clk 01:31:48]} {[%emt 00:00:05]} dxe4 {[%clk
01:31:40]} {[%emt 00:00:10]} 4. Nxe4 {[%clk 01:32:11]} {[%emt 00:00:08]} Nf6
{[%clk 01:32:01]} {[%emt 00:00:09]} 5. Nxf6+ {[%clk 01:32:34]} {[%emt
00:00:07]} exf6 {[%clk 01:32:14]} {[%emt 00:00:16]} 6. Nf3 {[%clk 01:32:21]}
{[%emt 00:00:44]} Bd6 {[%clk 01:32:38]} {[%emt 00:00:07]} 7. Bd3 {[%clk
01:32:22]} {[%emt 00:00:28]} O-O {[%clk 01:33:00]} {[%emt 00:00:07]} 8. O-O
{[%clk 01:32:25]} {[%emt 00:00:27]} Re8 {[%clk 01:33:00]} {[%emt 00:00:31]} 9.
h3 {[%clk 01:32:30]} {[%emt 00:00:24]} Nd7 {[%clk 01:32:26]} {[%emt 00:01:05]}
10. Be3 {[%clk 01:30:34]} {[%emt 00:02:26]} Nf8 {[%clk 01:32:19]} {[%emt
00:00:37]} 11. c3 {[%clk 01:30:06]} {[%emt 00:00:57]} Be6 {[%clk 01:30:38]}
{[%emt 00:02:11]} 12. Qc2 {[%clk 01:29:43]} {[%emt 00:00:52]} Qd7 {[%clk
01:22:02]} {[%emt 00:09:08]} 13. Rfe1 {[%clk 01:23:31]} {[%emt 00:06:42]} Rad8
{[%clk 01:21:33]} {[%emt 00:00:59]} 14. b3 {[%clk 01:16:23]} {[%emt 00:07:38]}
Bc7 {[%clk 01:06:43]} {[%emt 00:15:20]} 15. Rad1 {[%clk 01:13:34]} {[%emt
00:03:19]} Bd5 {[%clk 01:01:03]} {[%emt 00:06:10]} 16. Nd2 {[%clk 01:10:19]}
{[%emt 00:03:45]} Be6 {[%clk 00:49:38]} {[%emt 00:11:55]} 17. Nf3 {[%clk
01:03:13]} {[%emt 00:07:36]} Bd5 {[%clk 00:49:52]} {[%emt 00:00:16]} 18. Nd2
{[%emt 00:00:29]} Qd6 {[%clk 00:43:07]} {[%emt 00:07:06]} 19. Nf1 {[%clk
01:03:28]} {[%emt 00:00:24]} b6 {[%clk 00:39:43]} {[%emt 00:03:55]} 20. Ng3
{[%clk 01:02:10]} {[%emt 00:01:47]} Qd7 {[%clk 00:38:04]} {[%emt 00:02:09]} 21.
Nf1 {[%clk 00:56:27]} {[%emt 00:06:12]} Be6 {[%clk 00:38:12]} {[%emt 00:00:23]}
22. Bc1 {[%clk 00:54:50]} {[%emt 00:02:07]} f5 {[%clk 00:34:02]} {[%emt
00:04:41]} 23. Nd2 {[%clk 00:49:37]} {[%emt 00:05:42]} Qd6 {[%clk 00:32:07]}
{[%emt 00:02:24]} 24. Nf1 {[%clk 00:49:00]} {[%emt 00:01:08]} f4 {[%clk
00:31:23]} {[%emt 00:01:15]} 25. Nd2 {[%clk 00:42:42]} {[%emt 00:06:48]} Bd5
{[%clk 00:28:42]} {[%emt 00:03:10]} 26. Be4 {[%clk 00:42:09]} {[%emt 00:01:04]}
Bxe4 {[%clk 00:28:21]} {[%emt 00:00:50]} 27. Rxe4 {[%clk 00:42:16]} {[%emt
00:00:23]} Qg6 {[%clk 00:27:01]} {[%emt 00:01:51]} 28. f3 {[%clk 00:40:37]}
{[%emt 00:02:09]} Ne6 {[%clk 00:25:08]} {[%emt 00:02:23]} 29. Kh1 {[%clk
00:38:02]} {[%emt 00:03:04]} f6 {[%clk 00:24:23]} {[%emt 00:01:15]} 30. Qb2
{[%clk 00:37:06]} {[%emt 00:01:26]} Kf7 {[%clk 00:22:56]} {[%emt 00:01:57]} 31.
Nf1 {[%clk 00:29:22]} {[%emt 00:08:14]} Ng5 {[%clk 00:21:17]} {[%emt 00:02:09]}
32. Rxe8 {[%clk 00:29:10]} {[%emt 00:00:42]} Rxe8 {[%clk 00:21:33]} {[%emt
00:00:13]} 33. Qd2 {[%clk 00:26:54]} {[%emt 00:02:46]} Qh5 {[%clk 00:18:59]}
{[%emt 00:03:05]} 34. Qf2 {[%clk 00:25:31]} {[%emt 00:01:52]} Ne4 {[%clk
00:15:32]} {[%emt 00:03:58]} 35. Qc2 {[%clk 00:25:45]} {[%emt 00:00:16]} Ng5
{[%clk 00:15:00]} {[%emt 00:01:02]} 36. Qf2 {[%clk 00:17:30]} {[%emt 00:08:44]}
Ne4 {[%clk 00:15:06]} {[%emt 00:00:25]} 37. Qc2 {[%clk 00:17:54]} {[%emt
00:00:05]} Ng3+ {[%clk 00:15:18]} {[%emt 00:00:19]} 38. Nxg3 {[%clk 00:18:16]}
{[%emt 00:00:08]} fxg3 {[%clk 00:15:44]} {[%emt 00:00:05]} 39. Qd2 {[%clk
00:15:42]} {[%emt 00:03:01]} Qd5 {[%clk 00:12:11]} {[%emt 00:04:01]} 40. Re1
{[%clk 00:14:13]} {[%emt 00:02:02]} Re6 {[%clk 00:06:36]} {[%emt 00:06:06]} 41.
Rxe6 {[%clk 00:08:32]} {[%emt 00:06:11]} Qxe6 {[%clk 00:06:54]} {[%emt
00:00:12]} 42. Kg1 {[%clk 00:07:44]} {[%emt 00:01:17]} *

[Event "DVM U16w 2023"]
[Site "Magdeburg GER"]
[Date "2023.12.29"]
[Round "5"]
[White "Amelang, Jamie Alice"]
[Black "Köppel, Clementine"]
[Result "1-0"]
[Termination "normal"]
[Board "3.4"]
[WhiteElo "1322"]
[BlackElo "1267"]
[WhiteClock "00:59:12"]
[BlackClock "00:30:40"]
[WhiteTeam "SG Leipzig"]
[BlackTeam "ATSV Oberkotzau"]
[PlyCount "93"]
[WhiteFideId "34605754"]
[BlackFideId "34605819"]
[EventCountry "GER"]
[EventRounds "7"]
[EventType "team-swiss"]
[EventDate "2023.12.26"]

1. e4 {[%clk 01:30:59]} {[%emt 00:00:01]} e5 {[%clk 01:30:53]} {[%emt
00:00:08]} 2. Nf3 {[%clk 01:31:22]} {[%emt 00:00:06]} Nf6 {[%clk 01:31:15]}
{[%emt 00:00:08]} 3. Nxe5 {[%clk 01:31:47]} {[%emt 00:00:05]} d6 {[%clk
01:31:36]} {[%emt 00:00:09]} 4. Nf3 {[%clk 01:32:07]} {[%emt 00:00:09]} Nxe4
{[%clk 01:31:58]} {[%emt 00:00:09]} 5. d4 {[%clk 01:32:10]} {[%emt 00:00:27]}
d5 {[%clk 01:32:18]} {[%emt 00:00:10]} 6. Bd3 {[%clk 01:32:26]} {[%emt
00:00:14]} Bd6 {[%clk 01:32:38]} {[%emt 00:00:10]} 7. O-O {[%clk 01:32:23]}
{[%emt 00:00:31]} O-O {[%clk 01:33:03]} {[%emt 00:00:07]} 8. h3 {[%clk
01:32:33]} {[%emt 00:00:20]} c6 {[%clk 01:30:09]} {[%emt 00:03:24]} 9. c4
{[%clk 01:31:59]} {[%emt 00:01:04]} Nf6 {[%clk 01:28:20]} {[%emt 00:02:19]} 10.
Nc3 {[%clk 01:28:23]} {[%emt 00:04:05]} dxc4 {[%clk 01:26:20]} {[%emt
00:02:32]} 11. Bxc4 {[%clk 01:28:29]} {[%emt 00:00:23]} Bf5 {[%clk 01:24:23]}
{[%emt 00:02:25]} 12. Bg5 {[%clk 01:26:12]} {[%emt 00:02:48]} h6 {[%clk
01:22:05]} {[%emt 00:02:50]} 13. Bh4 {[%clk 01:26:29]} {[%emt 00:00:12]} g5
{[%clk 01:13:41]} {[%emt 00:08:54]} 14. Bg3 {[%clk 01:26:10]} {[%emt 00:00:49]}
Bxg3 {[%clk 01:13:13]} {[%emt 00:00:58]} 15. fxg3 {[%clk 01:26:13]} {[%emt
00:00:27]} Bg6 {[%clk 01:08:29]} {[%emt 00:05:13]} 16. Ne5 {[%clk 01:23:57]}
{[%emt 00:02:46]} Nd5 {[%clk 01:02:59]} {[%emt 00:06:01]} 17. Nxg6 {[%clk
01:20:08]} {[%emt 00:04:19]} fxg6 {[%clk 01:00:56]} {[%emt 00:02:33]} 18. Rxf8+
{[%clk 01:19:47]} {[%emt 00:00:50]} Kxf8 {[%clk 00:59:24]} {[%emt 00:02:03]}
19. Nxd5 {[%clk 01:18:13]} {[%emt 00:02:05]} cxd5 {[%clk 00:56:01]} {[%emt
00:03:52]} 20. Qf3+ {[%clk 01:17:59]} {[%emt 00:00:41]} Kg7 {[%clk 00:48:41]}
{[%emt 00:07:53]} 21. Bxd5 {[%clk 01:16:39]} {[%emt 00:01:50]} Nc6 {[%clk
00:46:13]} {[%emt 00:02:58]} 22. Qf7+ {[%clk 01:08:08]} {[%emt 00:08:59]} Kh8
{[%clk 00:46:29]} {[%emt 00:00:16]} 23. Qxb7 {[%clk 01:07:21]} {[%emt
00:01:17]} Qxd5 {[%clk 00:45:04]} {[%emt 00:01:55]} 24. Qxa8+ {[%clk 01:07:38]}
{[%emt 00:00:13]} Kg7 {[%clk 00:44:50]} {[%emt 00:00:44]} 25. Rd1 {[%clk
01:07:28]} {[%emt 00:00:34]} a5 {[%clk 00:38:26]} {[%emt 00:07:00]} 26. Kh2
{[%clk 01:02:50]} {[%emt 00:05:08]} h5 {[%clk 00:38:25]} {[%emt 00:00:32]} 27.
Rf1 {[%clk 01:02:32]} {[%emt 00:00:38]} Qd6 {[%clk 00:35:04]} {[%emt 00:04:00]}
28. d5 {[%clk 00:59:35]} {[%emt 00:03:26]} h4 {[%clk 00:30:58]} {[%emt
00:04:36]} 29. Qxc6 {[%clk 00:54:24]} {[%emt 00:05:42]} Qxg3+ {[%clk 00:30:34]}
{[%emt 00:00:54]} 30. Kh1 {[%clk 00:54:45]} {[%emt 00:00:09]} g4 {[%clk
00:30:19]} {[%emt 00:00:45]} 31. Qf6+ {[%clk 00:53:58]} {[%emt 00:01:16]} Kh7
{[%clk 00:29:11]} {[%emt 00:01:38]} 32. Qf7+ {[%clk 00:53:55]} {[%emt
00:00:34]} Kh6 {[%clk 00:28:34]} {[%emt 00:01:06]} 33. Qf4+ {[%clk 00:54:09]}
{[%emt 00:00:16]} Qxf4 {[%clk 00:28:14]} {[%emt 00:00:51]} 34. Rxf4 {[%clk
00:54:33]} {[%emt 00:00:06]} gxh3 {[%clk 00:28:26]} {[%emt 00:00:18]} 35. gxh3
{[%clk 00:54:55]} {[%emt 00:00:08]} Kg5 {[%clk 00:28:31]} {[%emt 00:00:24]} 36.
Rf1 {[%clk 00:55:05]} {[%emt 00:00:21]} a4 {[%clk 00:28:36]} {[%emt 00:00:25]}
37. d6 {[%clk 00:55:30]} {[%emt 00:00:05]} a3 {[%clk 00:29:00]} {[%emt
00:00:06]} 38. bxa3 {[%clk 00:55:57]} {[%emt 00:00:04]} Kh5 {[%clk 00:29:23]}
{[%emt 00:00:05]} 39. d7 {[%clk 00:56:23]} {[%emt 00:00:04]} g5 {[%clk
00:29:26]} {[%emt 00:00:28]} 40. d8=R {[%clk 00:56:36]} {[%emt 00:00:17]} g4
{[%clk 00:29:46]} {[%emt 00:00:10]} 41. Rd5+ {[%clk 00:56:52]} {[%emt
00:00:13]} Kg6 {[%clk 00:29:47]} {[%emt 00:00:30]} 42. hxg4 {[%clk 00:57:11]}
{[%emt 00:00:10]} h3 {[%clk 00:29:54]} {[%emt 00:00:24]} 43. Rb1 {[%clk
00:57:34]} {[%emt 00:00:08]} h2 {[%clk 00:30:12]} {[%emt 00:00:11]} 44. Rb6+
{[%clk 00:58:01]} {[%emt 00:00:03]} Kf7 {[%clk 00:30:29]} {[%emt 00:00:13]} 45.
Ra5 {[%clk 00:58:22]} {[%emt 00:00:09]} Ke7 {[%clk 00:30:40]} {[%emt 00:00:19]}
46. Ra7+ {[%clk 00:58:47]} {[%emt 00:00:05]} Kd8 {[%emt 00:00:07]} 47. Rb8#
{[%clk 00:59:12]} {[%emt 00:00:04]} 1-0

[Event "DVM U16w 2023"]
[Site "Magdeburg GER"]
[Date "2023.12.29"]
[Round "5"]
[White "Gerlach, Lorena"]
[Black "Jacobasch, Ronja"]
[Result "1/2-1/2"]
[Termination "normal"]
[Board "4.1"]
[WhiteElo "1183"]
[BlackElo "1607"]
[WhiteClock "00:51:33"]
[BlackClock "00:28:13"]
[WhiteTeam "SchachAkademiePaderborn"]
[BlackTeam "SSV Altenberg"]
[PlyCount "87"]
[WhiteFideId "34605738"]
[BlackFideId "34604340"]
[EventCountry "GER"]
[EventRounds "7"]
[EventType "team-swiss"]
[EventDate "2023.12.26"]

1. d4 {[%clk 01:30:58]} {[%emt 00:00:01]} Nf6 {[%clk 01:30:52]} {[%emt
00:00:09]} 2. Nf3 {[%clk 01:31:17]} {[%emt 00:00:10]} g6 {[%clk 01:31:00]}
{[%emt 00:00:23]} 3. g3 {[%clk 01:31:36]} {[%emt 00:00:10]} Bg7 {[%clk
01:31:24]} {[%emt 00:00:06]} 4. Bg2 {[%clk 01:31:27]} {[%emt 00:00:39]} d6
{[%clk 01:31:19]} {[%emt 00:00:36]} 5. O-O {[%clk 01:31:05]} {[%emt 00:00:52]}
O-O {[%clk 01:31:08]} {[%emt 00:00:40]} 6. c4 {[%clk 01:30:21]} {[%emt
00:01:15]} c6 {[%clk 01:31:05]} {[%emt 00:00:33]} 7. Nc3 {[%clk 01:29:21]}
{[%emt 00:01:29]} Qc7 {[%clk 01:30:31]} {[%emt 00:01:05]} 8. Re1 {[%clk
01:25:51]} {[%emt 00:04:00]} e5 {[%clk 01:29:41]} {[%emt 00:01:20]} 9. Qb3
{[%clk 01:23:41]} {[%emt 00:02:39]} Nbd7 {[%clk 01:25:31]} {[%emt 00:04:40]}
10. d5 {[%clk 01:20:55]} {[%emt 00:03:16]} Nc5 {[%clk 01:20:25]} {[%emt
00:05:37]} 11. Qc2 {[%clk 01:19:12]} {[%emt 00:02:10]} cxd5 {[%clk 01:17:20]}
{[%emt 00:03:37]} 12. Nxd5 {[%clk 01:18:45]} {[%emt 00:00:56]} Nxd5 {[%clk
01:17:39]} {[%emt 00:00:12]} 13. cxd5 {[%clk 01:19:02]} {[%emt 00:00:13]} f5
{[%clk 01:14:00]} {[%emt 00:04:09]} 14. e4 {[%clk 01:15:27]} {[%emt 00:04:04]}
fxe4 {[%clk 01:08:59]} {[%emt 00:05:32]} 15. Ng5 {[%clk 01:15:21]} {[%emt
00:00:34]} Qe7 {[%clk 01:06:26]} {[%emt 00:03:05]} 16. Nxe4 {[%clk 01:13:06]}
{[%emt 00:02:46]} Bf5 {[%clk 01:02:31]} {[%emt 00:04:24]} 17. Qe2 {[%clk
01:09:07]} {[%emt 00:04:28]} Nxe4 {[%clk 01:00:11]} {[%emt 00:02:51]} 18. Bxe4
{[%clk 01:09:20]} {[%emt 00:00:17]} Bxe4 {[%clk 01:00:14]} {[%emt 00:00:27]}
19. Qxe4 {[%clk 01:09:39]} {[%emt 00:00:10]} Qf7 {[%clk 00:59:38]} {[%emt
00:01:07]} 20. Rf1 {[%clk 01:07:30]} {[%emt 00:02:39]} Rac8 {[%clk 00:56:42]}
{[%emt 00:03:25]} 21. Be3 {[%clk 01:07:03]} {[%emt 00:00:57]} b6 {[%clk
00:52:12]} {[%emt 00:05:01]} 22. b3 {[%clk 01:04:16]} {[%emt 00:03:16]} Rc7
{[%clk 00:45:59]} {[%emt 00:06:44]} 23. Rad1 {[%clk 01:02:21]} {[%emt
00:02:24]} Qf5 {[%clk 00:39:18]} {[%emt 00:07:11]} 24. f3 {[%clk 00:59:11]}
{[%emt 00:03:41]} Rfc8 {[%clk 00:36:39]} {[%emt 00:03:08]} 25. g4 {[%clk
00:56:50]} {[%emt 00:02:52]} Qd7 {[%clk 00:34:19]} {[%emt 00:02:49]} 26. Rc1
{[%clk 00:56:11]} {[%emt 00:01:10]} Qb5 {[%clk 00:29:23]} {[%emt 00:05:26]} 27.
Rxc7 {[%clk 00:55:09]} {[%emt 00:01:32]} Rxc7 {[%clk 00:29:46]} {[%emt
00:00:07]} 28. Rc1 {[%clk 00:55:21]} {[%emt 00:00:17]} Rxc1+ {[%clk 00:29:37]}
{[%emt 00:00:41]} 29. Bxc1 {[%clk 00:55:38]} {[%emt 00:00:12]} Qa5 {[%clk
00:28:32]} {[%emt 00:01:33]} 30. a4 {[%clk 00:52:44]} {[%emt 00:03:24]} Qc3
{[%clk 00:27:08]} {[%emt 00:01:55]} 31. Qe3 {[%clk 00:50:27]} {[%emt 00:02:43]}
Qa5 {[%clk 00:15:21]} {[%emt 00:12:20]} 32. Qd2 {[%clk 00:48:22]} {[%emt
00:02:36]} Qc5+ {[%clk 00:14:25]} {[%emt 00:01:25]} 33. Kg2 {[%clk 00:48:05]}
{[%emt 00:00:48]} Kf7 {[%clk 00:11:38]} {[%emt 00:03:18]} 34. g5 {[%clk
00:40:36]} {[%emt 00:07:59]} b5 {[%clk 00:09:02]} {[%emt 00:03:06]} 35. Qe3
{[%clk 00:33:01]} {[%emt 00:08:04]} bxa4 {[%clk 00:05:04]} {[%emt 00:04:29]}
36. bxa4 {[%clk 00:32:15]} {[%emt 00:01:15]} Qc2+ {[%clk 00:04:52]} {[%emt
00:00:42]} 37. Kg3 {[%clk 00:30:05]} {[%emt 00:02:40]} Qxa4 {[%clk 00:04:33]}
{[%emt 00:00:50]} 38. Ba3 {[%clk 00:25:23]} {[%emt 00:05:11]} Qf4+ {[%clk
00:03:25]} {[%emt 00:01:38]} 39. Qxf4+ {[%clk 00:25:30]} {[%emt 00:00:24]}
exf4+ {[%clk 00:03:51]} {[%emt 00:00:04]} 40. Kxf4 {[%clk 00:25:45]} {[%emt
00:00:14]} Be5+ {[%clk 00:04:06]} {[%emt 00:00:15]} 41. Ke4 {[%clk 00:25:23]}
{[%emt 00:00:52]} Bxh2 {[%clk 00:03:41]} {[%emt 00:00:56]} 42. Bc1 {[%clk
00:24:53]} {[%emt 00:00:59]} Be5 {[%clk 00:28:50]} {[%emt 00:05:20]} 43. Kd3
{[%clk 00:51:54]} {[%emt 00:03:28]} Ke7 {[%clk 00:28:13]} {[%emt 00:01:09]} 44.
Kc4 {[%clk 00:51:33]} {[%emt 00:00:51]} *

[Event "DVM U16w 2023"]
[Site "Magdeburg GER"]
[Date "2023.12.29"]
[Round "5"]
[White "Glotz, Diana"]
[Black "Henzel, Leonie"]
[Result "1-0"]
[Termination "normal"]
[Board "4.2"]
[WhiteElo "1420"]
[BlackElo "1247"]
[WhiteClock "00:36:42"]
[BlackClock "00:26:06"]
[WhiteTeam "SSV Altenberg"]
[BlackTeam "SchachAkademiePaderborn"]
[PlyCount "143"]
[WhiteFideId "16278500"]
[BlackFideId "34605720"]
[EventCountry "GER"]
[EventRounds "7"]
[EventType "team-swiss"]
[EventDate "2023.12.26"]

1. e4 {[%clk 01:30:59]} {[%emt 00:00:01]} e6 {[%clk 01:30:52]} {[%emt
00:00:08]} 2. d4 {[%clk 01:31:22]} {[%emt 00:00:07]} d5 {[%clk 01:31:01]}
{[%emt 00:00:21]} 3. Nc3 {[%clk 01:31:40]} {[%emt 00:00:12]} Bb4 {[%clk
01:30:46]} {[%emt 00:00:44]} 4. exd5 {[%clk 01:30:49]} {[%emt 00:01:22]} exd5
{[%clk 01:30:55]} {[%emt 00:00:21]} 5. Nge2 {[%clk 01:30:19]} {[%emt 00:01:00]}
Nf6 {[%clk 01:30:53]} {[%emt 00:00:31]} 6. a3 {[%clk 01:29:15]} {[%emt
00:01:35]} Bxc3+ {[%clk 01:30:37]} {[%emt 00:00:45]} 7. Nxc3 {[%clk 01:29:41]}
{[%emt 00:00:05]} O-O {[%clk 01:30:41]} {[%emt 00:00:26]} 8. Bg5 {[%clk
01:28:52]} {[%emt 00:01:18]} Re8+ {[%clk 01:30:13]} {[%emt 00:00:58]} 9. Be2
{[%clk 01:29:02]} {[%emt 00:00:21]} Qd6 {[%clk 01:28:57]} {[%emt 00:01:42]} 10.
Bxf6 {[%clk 01:27:58]} {[%emt 00:01:37]} Qxf6 {[%clk 01:28:35]} {[%emt
00:00:53]} 11. O-O {[%clk 01:07:04]} {[%emt 00:21:24]} c6 {[%clk 01:22:16]}
{[%emt 00:06:50]} 12. Re1 {[%clk 01:02:24]} {[%emt 00:05:10]} Be6 {[%clk
01:19:35]} {[%emt 00:03:07]} 13. Bg4 {[%clk 00:57:37]} {[%emt 00:05:20]} Nd7
{[%clk 01:16:48]} {[%emt 00:03:16]} 14. Bxe6 {[%clk 00:57:48]} {[%emt
00:00:20]} Rxe6 {[%clk 01:17:07]} {[%emt 00:00:11]} 15. Rxe6 {[%clk 00:57:57]}
{[%emt 00:00:21]} Qxe6 {[%clk 01:17:30]} {[%emt 00:00:06]} 16. Qe1 {[%clk
00:58:00]} {[%emt 00:00:27]} Re8 {[%clk 01:17:50]} {[%emt 00:00:10]} 17. Kf1
{[%clk 00:56:35]} {[%emt 00:01:55]} Nf6 {[%clk 01:16:23]} {[%emt 00:01:56]} 18.
Qxe6 {[%clk 00:56:19]} {[%emt 00:00:48]} Rxe6 {[%clk 01:16:22]} {[%emt
00:00:31]} 19. Re1 {[%clk 00:56:43]} {[%emt 00:00:05]} Ng4 {[%clk 01:14:20]}
{[%emt 00:02:28]} 20. Rxe6 {[%clk 00:55:53]} {[%emt 00:01:25]} fxe6 {[%clk
01:14:46]} {[%emt 00:00:05]} 21. h3 {[%clk 00:56:14]} {[%emt 00:00:08]} Nf6
{[%clk 01:14:59]} {[%emt 00:00:15]} 22. Ke2 {[%clk 00:56:10]} {[%emt 00:00:36]}
Kf7 {[%clk 01:14:59]} {[%emt 00:00:30]} 23. Ke3 {[%clk 00:55:21]} {[%emt
00:01:19]} g5 {[%clk 01:14:10]} {[%emt 00:01:14]} 24. f3 {[%clk 00:49:23]}
{[%emt 00:06:33]} Nh5 {[%clk 01:10:02]} {[%emt 00:04:37]} 25. Ne2 {[%clk
00:48:04]} {[%emt 00:01:49]} Kg6 {[%clk 01:07:23]} {[%emt 00:02:24]} 26. g4
{[%clk 00:47:43]} {[%emt 00:01:37]} Nf6 {[%clk 01:06:35]} {[%emt 00:01:17]} 27.
Nc1 {[%clk 00:46:29]} {[%emt 00:01:45]} h5 {[%clk 00:59:28]} {[%emt 00:07:35]}
28. Nd3 {[%clk 00:45:43]} {[%emt 00:01:17]} hxg4 {[%clk 00:57:37]} {[%emt
00:02:22]} 29. hxg4 {[%clk 00:45:48]} {[%emt 00:00:24]} Kh6 {[%clk 00:52:17]}
{[%emt 00:05:48]} 30. Nc5 {[%clk 00:44:49]} {[%emt 00:01:32]} b6 {[%clk
00:49:07]} {[%emt 00:03:40]} 31. Nxe6 {[%clk 00:44:14]} {[%emt 00:01:05]} Nd7
{[%clk 00:48:08]} {[%emt 00:01:23]} 32. Nd8 {[%clk 00:42:56]} {[%emt 00:01:54]}
c5 {[%clk 00:47:48]} {[%emt 00:00:50]} 33. Nc6 {[%clk 00:42:42]} {[%emt
00:00:43]} a6 {[%clk 00:47:07]} {[%emt 00:01:10]} 34. c3 {[%clk 00:42:01]}
{[%emt 00:01:13]} c4 {[%clk 00:46:10]} {[%emt 00:01:26]} 35. Nb4 {[%clk
00:42:07]} {[%emt 00:00:24]} Nf6 {[%clk 00:44:20]} {[%emt 00:02:20]} 36. Nxa6
{[%clk 00:42:13]} {[%emt 00:00:24]} Nd7 {[%clk 00:43:45]} {[%emt 00:01:04]} 37.
Nc7 {[%clk 00:41:52]} {[%emt 00:00:50]} Nf6 {[%clk 00:43:22]} {[%emt 00:00:54]}
38. Na8 {[%clk 00:42:14]} {[%emt 00:00:09]} Nd7 {[%clk 00:43:36]} {[%emt
00:00:16]} 39. f4 {[%clk 00:41:17]} {[%emt 00:01:28]} Kg6 {[%clk 00:43:14]}
{[%emt 00:00:51]} 40. f5+ {[%clk 00:40:34]} {[%emt 00:01:14]} Kf7 {[%clk
00:42:33]} {[%emt 00:01:08]} 41. Kf3 {[%clk 00:39:25]} {[%emt 00:01:41]} Kf8
{[%clk 00:42:17]} {[%emt 00:00:46]} 42. Nc7 {[%clk 00:39:34]} {[%emt 00:00:20]}
Nf6 {[%clk 00:42:02]} {[%emt 00:00:45]} 43. Ne6+ {[%clk 00:39:29]} {[%emt
00:00:34]} Kf7 {[%clk 00:39:53]} {[%emt 00:02:42]} 44. Nxg5+ {[%clk 00:39:31]}
{[%emt 00:00:27]} Ke7 {[%clk 00:39:39]} {[%emt 00:00:41]} 45. Kf4 {[%clk
00:39:21]} {[%emt 00:00:41]} Kd6 {[%clk 00:38:22]} {[%emt 00:01:43]} 46. Nh3
{[%clk 00:37:24]} {[%emt 00:02:32]} b5 {[%clk 00:36:11]} {[%emt 00:02:44]} 47.
g5 {[%clk 00:37:10]} {[%emt 00:00:43]} Ng8 {[%clk 00:35:21]} {[%emt 00:01:19]}
48. g6 {[%clk 00:36:10]} {[%emt 00:01:31]} Nf6 {[%clk 00:35:16]} {[%emt
00:00:34]} 49. Kg5 {[%clk 00:36:13]} {[%emt 00:00:27]} Ke7 {[%clk 00:35:23]}
{[%emt 00:00:24]} 50. Kh6 {[%clk 00:36:05]} {[%emt 00:00:36]} Kf8 {[%clk
00:35:09]} {[%emt 00:00:45]} 51. Nf4 {[%clk 00:34:56]} {[%emt 00:01:35]} Ng8+
{[%clk 00:33:46]} {[%emt 00:01:58]} 52. Kg5 {[%clk 00:34:37]} {[%emt 00:00:47]}
Ke7 {[%clk 00:33:04]} {[%emt 00:01:12]} 53. Nxd5+ {[%clk 00:34:49]} {[%emt
00:00:20]} Kd6 {[%clk 00:31:04]} {[%emt 00:02:29]} 54. Nf6 {[%clk 00:35:01]}
{[%emt 00:00:18]} Ne7 {[%clk 00:30:09]} {[%emt 00:01:24]} 55. g7 {[%clk
00:35:15]} {[%emt 00:00:17]} Kc7 {[%clk 00:26:48]} {[%emt 00:03:52]} 56. g8=Q
{[%clk 00:35:33]} {[%emt 00:00:12]} Nxg8 {[%clk 00:27:03]} {[%emt 00:00:15]}
57. Nxg8 {[%clk 00:35:56]} {[%emt 00:00:06]} Kd7 {[%clk 00:27:25]} {[%emt
00:00:08]} 58. Kg6 {[%clk 00:36:10]} {[%emt 00:00:16]} Kc6 {[%clk 00:25:55]}
{[%emt 00:02:01]} 59. f6 {[%clk 00:36:21]} {[%emt 00:00:19]} Kd5 {[%clk
00:25:39]} {[%emt 00:00:46]} 60. f7 {[%clk 00:36:26]} {[%emt 00:00:25]} Ke4
{[%clk 00:25:29]} {[%emt 00:00:39]} 61. f8=Q {[%clk 00:36:44]} {[%emt
00:00:12]} Kd3 {[%clk 00:25:00]} {[%emt 00:00:59]} 62. Qf2 {[%clk 00:35:47]}
{[%emt 00:01:16]} b4 {[%clk 00:24:41]} {[%emt 00:01:01]} 63. cxb4 {[%clk
00:35:41]} {[%emt 00:00:35]} c3 {[%clk 00:24:35]} {[%emt 00:00:36]} 64. Qf3+
{[%clk 00:35:55]} {[%emt 00:00:15]} Kxd4 {[%clk 00:24:54]} {[%emt 00:00:11]}
65. Qxc3+ {[%clk 00:36:18]} {[%emt 00:00:08]} Kd5 {[%clk 00:25:04]} {[%emt
00:00:20]} 66. Kf5 {[%clk 00:36:18]} {[%emt 00:00:26]} Kd6 {[%clk 00:25:05]}
{[%emt 00:00:34]} 67. Qc5+ {[%clk 00:36:33]} {[%emt 00:00:11]} Kd7 {[%clk
00:25:25]} {[%emt 00:00:14]} 68. Nf6+ {[%clk 00:36:45]} {[%emt 00:00:17]} Kd8
{[%clk 00:25:27]} {[%emt 00:00:28]} 69. Qa7 {[%clk 00:36:24]} {[%emt 00:00:50]}
Kc8 {[%clk 00:25:41]} {[%emt 00:00:17]} 70. Nd5 {[%clk 00:36:34]} {[%emt
00:00:18]} Kd8 {[%clk 00:25:54]} {[%emt 00:00:20]} 71. Qc7+ {[%clk 00:36:55]}
{[%emt 00:00:08]} Ke8 {[%clk 00:26:06]} {[%emt 00:00:18]} 72. Qe7# {[%clk
00:36:42]} {[%emt 00:00:05]} 1-0